000 00915nam a22002177a 4500
999 _c12557
_d12557
003 AR-CdUCM
008 190409b ||||| |||| 00| 0 spa d
040 _aMUNICIPALIDAD PROVINCIAL DEL CUSCO
_cBIBLIOTECA MUNICIPAL DEL CUSCO
082 _27 ed.
_a860.58 /
_bP91
100 _aPuccinelli, Jorge
_915467
245 _aHistoria de la literatura :
_bLas letras castellanas desde sus orígenes hasta el siglo XVIII en los textos y en la critica /
260 _aLima :
_bPaideia,
300 _a178 páginas ;
_c25 cm.
500 _aEl texto esta elaborado para el 4° año de educación secundaria.
505 _aContenido : Introducción al estudio de la literatura -- Esquema de la literatura española -- Una geografía literaria de España -- Cantar de Mio Cid ...
650 _aLiteratura
_983
650 _aHistoria
_9246
650 _aOrigen
_915147
942 _2ddc
_cLIBROS
945 _arah
_d09/04/2019